=LDR 00000nam 2200000 4500 =001 INLIS000000000024097 =005 20200805085452 =035 ##$$a 0010-061300000024097 =008 200805################g##########0#ind## =041 ##$$a Ind =082 ##$$a 2X7.2 =090 ##$$a 2X7.2, Ket m =100 1#$$a Kettani M. Ali =245 1#$$a Minoritas muslim di dunia dewasa ini, /$c M. Ali Ketteni; Penerjemah, Zarkawi Soejoeti =260 ##$$a 2005 :$b Jakarta,$c 2005 =300 ##$$a 394 hlm, ; $c 13 x 20 cm =650 #4$$a Islam - Penyiaran =850 ##$$a NBPNMAT =020 ##$$a 979-3654-83-X =084 ##$$a 2X7.2 KET m =250 ##$$a cet.1 =504 ##$$a Indeks : 385 -394 =990 ##$$a 20611419 =990 ##$$a 20611417 =990 ##$$a 30618226 =990 ##$$a 20611416